Obras IV

Gorde:
Xehetasun bibliografikoak
Egile nagusia: Castillejo, Cristóbal de
Formatua: Liburua
Hizkuntza:Undetermined
Argitaratua: Madrid, España Espasa-Calpe 1958
Gaiak:
Etiketak: Etiketa erantsi
Etiketarik gabe, Izan zaitez lehena erregistro honi etiketa jartzen!

MARC

LEADER 00000nam a2200000Ia 4500
008 170316s9999 xx 000 0 und d
040 |a cru BVZT 
090 |a 862 C-24o v.4 
100 |a Castillejo, Cristóbal de 
245 |a Obras IV 
260 |a Madrid, España 
260 |b Espasa-Calpe 
260 |c 1958 
300 |a 278 páginas 
650 |a LITERATURA ESPAÑOLA 
999 |c 9638  |d 9638 
942 |c 15 D  |h 862 C-24o v.4  |2 z